Desarrollo de un sistema de control y medición de la calidad de la información en el centro de servicios a los empleados de Procter & Gamble
Sábháilte in:
| Príomhchruthaitheoir: | |
|---|---|
| Formáid: | LEABHAR |
| Foilsithe / Cruthaithe: |
San José, C.R.
2001
|
| Ábhair: | |
| Clibeanna: |
Cuir clib leis
Níl clibeanna ann, Bí ar an gcéad duine le clib a chur leis an taifead seo!
|
MARC
| LEADER | 00000nam a2200000Ia 4500 | ||
|---|---|---|---|
| 003 | 008794 | ||
| 005 | 20221231144200.0 | ||
| 008 | 140114s2001 cr a m 000 ||s d | ||
| 040 | |c cru CEDI | ||
| 090 | |a TFG 4354 | ||
| 100 | |a Pacheco Valverde, Roberto |9 7704 | ||
| 245 | |a Desarrollo de un sistema de control y medición de la calidad de la información en el centro de servicios a los empleados de Procter & Gamble | ||
| 260 | |c 2001 |a San José, C.R. | ||
| 300 | |a xii, 182 hojas : ilustraciones (algunas plegables,) | ||
| 500 | |a Tesis (licenciatura en ingeniería industrial)--Universidad de Costa Rica. Facultad de Ingeniería. Escuela de Ingeniería Industrial | ||
| 650 | |x SERVICIOS DE INFORMACION |x PRODUCTIVIDAD INDUSTRIAL |x MEDICIONES |x TECNOLOGIA DE LA INFORMACION |9 7705 | ||
| 942 | |c TFG | ||
| 999 | |c 18084 |d 18084 | ||
